Countries and Capitals with Rare Starting Letters - Statistics

General Stats
  • This quiz has been taken 38 times
    26 since last reset
  • The average score is 31 of 37
Answer Stats
First Letter Answer % Correct
J Japan
100%
J Jordan
100%
U United Arab Emirates
100%
U United States
100%
J Jamaica
95%
U United Kingdom
95%
U Uruguay
95%
U Uzbekistan
95%
V Vatican City
95%
V Vatican City
95%
V Venezuela
95%
Z Zambia
95%
Z Zimbabwe
95%
J Jakarta
90%
U Uganda
90%
U Ulaanbaatar
90%
V Vanuatu
90%
W Wellington
90%
J Jerusalem
86%
V Vietnam
86%
Y Yemen
86%
Z Zagreb
86%
U Ukraine
81%
W Warsaw
81%
Y Yerevan
81%
J Juba
76%
V Vientiane
76%
W Washington D.C
76%
V Vaduz
71%
V Valletta
71%
V Vilnius
71%
W Windhoek
71%
Y Yamoussoukro
71%
Y Yaounde
67%
Y Yaren
67%
V Vienna
62%
V Victoria
52%
No matching quizzes found
Score Distribution
Percent of People with Each Score
Percentile by Number Answered
Your Score History
You have not taken this quiz since the last reset